20 Countries Nearest to Philippines - Statistics

General Stats
  • This quiz has been taken 2,283 times
  • The average score is 15 of 20
Answer Stats
Miles Country % Correct
828 China
97%
1,087 Indonesia
94%
1,909 Japan
93%
1,478 Malaysia
93%
749 Taiwan
92%
1,406 Thailand
89%
910 Vietnam
87%
1,465 Singapore
85%
1,634 South Korea
83%
1,131 Cambodia
78%
751 Brunei
76%
1,365 Laos
76%
1,929 North Korea
75%
1,953 Australia
72%
1,809 Myanmar
66%
1,527 East Timor
50%
2,019 Papua New Guinea
49%
946 Palau
48%
1,548 United States of America
41%
2,186 Bangladesh
36%
No matching quizzes found
Score Distribution
Percent of People with Each Score
Percentile by Number Answered
Your Score History
You have not taken this quiz